[Event "C.to Italiano Semifinale"]
[Site "Saint Vincent - Chatillon ITA"]
[Date "2008.07.26"]
[Round "8"]
[White "Cordara, Michele"]
[Black "Valenti, Giuseppe"]
[Result "0-1"]
[WhiteElo "2146"]
[BlackElo "2203"]
[PlyCount "50"]
[EventDate "2008.07.19"]

1. Nf3 b6 2. g3 Bb7 3. Bg2 e6 4. d3 c5 5. e4 Nc6 6. Nc3 d6 7. O-O Nf6 8. d4
cxd4 9. Nxd4 Rc8 10. Re1 Be7 11. Nd5 exd5 12. Nf5 dxe4 13. Nxg7+ Kf8 14. Bh6
Kg8 15. Nf5 Ne5 16. f4 Neg4 17. Bg5 d5 18. h3 Bc5+ 19. Nd4 h6 20. Bh4 h5 21.
hxg4 hxg4 22. c3 b5 23. b4 Bb6 24. Kf1 Rxc3 25. Qd2 Rd3 0-1

[Event "C.to Italiano Semifinale"]
[Site "Saint Vincent - Chatillon ITA"]
[Date "2008.07.26"]
[Round "8"]
[White "Finocchiaro, Gianluca"]
[Black "Rorato, Giovanni Riccardo"]
[Result "1/2-1/2"]
[WhiteElo "2021"]
[BlackElo "2065"]
[PlyCount "47"]
[EventDate "2008.07.19"]

1. e4 c5 2. c3 Nf6 3. e5 Nd5 4. d4 cxd4 5. Nf3 e6 6. cxd4 d6 7. exd6 Bxd6 8.
Nc3 Nxc3 9. bxc3 Qc7 10. Bd2 Nd7 11. Bd3 b6 12. O-O Bb7 13. h3 h6 14. Qe2 O-O
15. Rfe1 Bf4 16. Ne5 Bxd2 17. Qxd2 Nxe5 18. Rxe5 Rac8 19. Rc1 Rfd8 20. Qe3 Rd5
21. Rxd5 Bxd5 22. c4 Bb7 23. Re1 Bc6 24. d5 1/2-1/2

[Event "C.to Italiano Semifinale"]
[Site "Saint Vincent - Chatillon ITA"]
[Date "2008.07.26"]
[Round "8"]
[White "Genocchio, Daniele"]
[Black "Contin, Daniel"]
[Result "1/2-1/2"]
[WhiteElo "2420"]
[BlackElo "2304"]
[PlyCount "42"]
[EventDate "2008.07.19"]

1. e4 e6 2. d4 d5 3. Nc3 Nc6 4. Nf3 Bb4 5. e5 f6 6. Bb5 Bd7 7. a3 Bxc3+ 8. bxc3
Nxe5 9. Nxe5 fxe5 10. Qh5+ Kf8 11. Bxd7 Nf6 12. Qxe5 Qxd7 13. O-O Kf7 14. Bf4
Rhe8 15. Rab1 b6 16. Rb3 Rac8 17. Qe2 Kg8 18. Be5 Rf8 19. c4 Ne4 20. Rh3 Qf7
21. cxd5 exd5 1/2-1/2

[Event "C.to Italiano Semifinale"]
[Site "Saint Vincent - Chatillon ITA"]
[Date "2008.07.26"]
[Round "8"]
[White "Gioseffi, Massimiliano"]
[Black "Ferri, Stefano"]
[Result "1-0"]
[WhiteElo "2049"]
[BlackElo "2146"]
[PlyCount "81"]
[EventDate "2008.07.19"]

1. d4 Nf6 2. c4 g6 3. Nc3 d5 4. Bf4 Bg7 5. e3 O-O 6. Nf3 c5 7. dxc5 Qa5 8. Rc1
dxc4 9. Bxc4 Qxc5 10. Bb3 Nc6 11. h3 Rd8 12. Qe2 Bf5 13. e4 Qb4 14. O-O Nxe4
15. Nd5 Nd4 16. Nxd4 Qxd4 17. Nxe7+ Kf8 18. Nxf5 gxf5 19. Qh5 Kg8 20. Qxf5 Nf6
21. Be5 Qd7 22. Qg5 h6 23. Qg6 Kf8 24. Qg3 Rac8 25. Qf4 Rxc1 26. Rxc1 Qd2 27.
Qxd2 Rxd2 28. Rc7 Rd7 29. Rxd7 Nxd7 30. Bxg7+ Kxg7 31. Bd5 b6 32. Kf1 Nc5 33.
b3 Ne6 34. Bc4 Nc7 35. a4 f6 36. Ke2 Kg6 37. Ke3 Kf5 38. f4 a6 39. Bf7 h5 40.
g3 b5 41. Kf3 1-0

[Event "C.to Italiano Semifinale"]
[Site "Saint Vincent - Chatillon ITA"]
[Date "2008.07.26"]
[Round "8"]
[White "Lamagna, Mario"]
[Black "Landi, Andrea"]
[Result "1-0"]
[WhiteElo "1888"]
[BlackElo "1837"]
[PlyCount "117"]
[EventDate "2008.07.19"]

1. e4 e5 2. Nf3 Nf6 3. Nxe5 d6 4. Nc4 Nxe4 5. d4 d5 6. Ne3 Be7 7. Nd2 O-O 8.
Bd3 Nxd2 9. Bxd2 Be6 10. f4 f5 11. Qe2 Qd7 12. c3 c5 13. dxc5 Bxc5 14. O-O-O d4
15. Nc4 Nc6 16. Rhe1 Rae8 17. Ne5 Qc7 18. Bc4 Nxe5 19. Bxe6+ Rxe6 20. fxe5 dxc3
21. Bxc3 f4 22. Kb1 Qe7 23. Qc4 Kh8 24. Rd5 Rc6 25. Qe4 Re8 26. Qxf4 Rf8 27.
Qe4 Qe6 28. Red1 Be7 29. Rd7 Ra6 30. Qd5 Rb8 31. Qxe6 Rxe6 32. Rc7 Kg8 33. Rdd7
Kf8 34. Rxb7 Rxb7 35. Rxb7 Bc5 36. Rd7 h5 37. h3 Rg6 38. Rd2 Ke7 39. Kc2 Rg3
40. Kb3 Ke6 41. Kc4 Bg1 42. Bd4 Be3 43. Re2 Bxd4 44. Kxd4 g5 45. Ke4 a5 46. Kd4
g4 47. hxg4 Rxg4+ 48. Kc5 a4 49. b3 axb3 50. axb3 Rg8 51. b4 Rc8+ 52. Kb5 Kd5
53. e6 Rb8+ 54. Ka4 Kc4 55. Ka5 Re8 56. e7 Kd5 57. b5 Kc5 58. Ka6 Kd6 59. Kb7
1-0

[Event "C.to Italiano Semifinale"]
[Site "Saint Vincent - Chatillon ITA"]
[Date "2008.07.26"]
[Round "8"]
[White "Locci, Damiano"]
[Black "Ricci, Marco"]
[Result "0-1"]
[WhiteElo "2094"]
[BlackElo "2139"]
[PlyCount "96"]
[EventDate "2008.07.19"]

1. Nf3 Nf6 2. c4 g6 3. Nc3 Bg7 4. e4 d6 5. d4 O-O 6. Be2 e5 7. O-O Nc6 8. d5
Ne7 9. Nd2 a5 10. a3 Nd7 11. Rb1 f5 12. f3 Kh8 13. b4 Ng8 14. Nb5 Ngf6 15. bxa5
Nc5 16. Qc2 fxe4 17. Nxe4 Nfxe4 18. fxe4 Rxf1+ 19. Bxf1 Nxe4 20. Rb3 Nc5 21.
Rg3 Bf5 22. Qe2 c6 23. Nc3 Qxa5 24. dxc6 bxc6 25. Qd1 Qc7 26. h4 Qe7 27. Bg5
Bf6 28. Qf3 e4 29. Qf2 Qg7 30. Bxf6 Qxf6 31. Re3 Qe5 32. h5 Rxa3 33. hxg6 hxg6
34. Qh4+ Kg7 35. g4 Bxg4 36. Rg3 Rxc3 37. Rxc3 Qxc3 38. Qxg4 Qe3+ 39. Kh2 Qh6+
40. Bh3 Qd2+ 41. Bg2 Qd4 42. Qh4 Qe5+ 43. Kg1 d5 44. Qe1 Nd3 45. Qa5 Nf4 46.
cxd5 Qg5 47. Qd2 cxd5 48. Qb2+ Kh7 0-1

[Event "C.to Italiano Semifinale"]
[Site "Saint Vincent - Chatillon ITA"]
[Date "2008.07.26"]
[Round "8"]
[White "Martorelli, Antonio"]
[Black "Dvirnyy, Danyyil"]
[Result "0-1"]
[WhiteElo "2240"]
[BlackElo "2358"]
[PlyCount "70"]
[EventDate "2008.07.19"]

1. e4 g6 2. d4 c6 3. c4 Bg7 4. Nc3 d6 5. Be2 Nf6 6. Nf3 O-O 7. O-O a6 8. h3 b5
9. e5 Ne8 10. Bg5 f6 11. exf6 Nxf6 12. cxb5 axb5 13. a4 bxa4 14. Rxa4 Rxa4 15.
Qxa4 Be6 16. Re1 Kh8 17. Qa7 h6 18. Bd3 Bd7 19. Bd2 g5 20. Bg6 e6 21. Ne2 Nd5
22. Ng3 c5 23. dxc5 Nc6 24. Qa3 Nd4 25. cxd6 Nxf3+ 26. gxf3 Nf4 27. Bb1 Qa8 28.
Kh2 Qd5 29. Qe3 Bxb2 30. Bc3+ Bxc3 31. Qxc3+ Kg8 32. Ne4 Qf5 33. Nxg5 Qxg5 34.
Rg1 Qxg1+ 35. Kxg1 Ne2+ 0-1

[Event "C.to Italiano Semifinale"]
[Site "Saint Vincent - Chatillon ITA"]
[Date "2008.07.26"]
[Round "8"]
[White "Mogranzini, Roberto"]
[Black "Rombaldoni, Axel"]
[Result "1/2-1/2"]
[WhiteElo "2423"]
[BlackElo "2374"]
[PlyCount "72"]
[EventDate "2008.07.19"]

1. e4 c5 2. Nc3 d6 3. Nf3 Nf6 4. d4 cxd4 5. Nxd4 e6 6. Be2 a6 7. Be3 b5 8. Bf3
e5 9. Nb3 Bb7 10. a3 Be7 11. O-O Nbd7 12. Re1 h6 13. a4 b4 14. Nd5 Nxd5 15.
exd5 a5 16. Qd3 Ba6 17. Qd2 O-O 18. Be2 Bb7 19. c4 bxc3 20. bxc3 f5 21. f3 Bh4
22. Reb1 f4 23. Bf2 Bxf2+ 24. Kxf2 Qc7 25. c4 Nc5 26. Kg1 Nxb3 27. Rxb3 Ba6 28.
Rc1 Qc5+ 29. Kh1 Rab8 30. Qb2 Rb4 31. Rxb4 axb4 32. Qb3 Rb8 33. Bd3 Qe3 34. Rb1
Kf7 35. h3 Qd2 36. a5 Kg8 1/2-1/2

[Event "C.to Italiano Semifinale"]
[Site "Saint Vincent - Chatillon ITA"]
[Date "2008.07.26"]
[Round "8"]
[White "Paglietti, Nicola"]
[Black "De Florio, Federico"]
[Result "1/2-1/2"]
[WhiteElo "2273"]
[BlackElo "2106"]
[PlyCount "61"]
[EventDate "2008.07.19"]

1. e4 c6 2. d4 d5 3. Nd2 dxe4 4. Nxe4 Nd7 5. Nf3 Ngf6 6. Nxf6+ Nxf6 7. Be2 Bf5
8. O-O e6 9. Nh4 Be4 10. f3 Bg6 11. Be3 Nd5 12. Bf2 Bd6 13. g3 Qg5 14. Ng2 h5
15. c4 Ne7 16. f4 Qf6 17. Bf3 Rd8 18. Qb3 Nf5 19. Rad1 h4 20. Qxb7 hxg3 21.
Qxc6+ Kf8 22. hxg3 Ne7 23. Qa4 Bf5 24. g4 Bxg4 25. Bxg4 Qg6 26. Qa5 Rb8 27. Qg5
Qxg5 28. fxg5 Bh2+ 29. Kh1 Bg3+ 30. Kg1 Bh2+ 31. Kh1 1/2-1/2

[Event "C.to Italiano Semifinale"]
[Site "Saint Vincent - Chatillon ITA"]
[Date "2008.07.26"]
[Round "8"]
[White "Pepino, Enrico"]
[Black "Barletta, Mauro"]
[Result "1/2-1/2"]
[WhiteElo "2119"]
[BlackElo "2205"]
[PlyCount "102"]
[EventDate "2008.07.19"]

1. e4 c6 2. d4 d5 3. Nc3 dxe4 4. Nxe4 Nf6 5. Nxf6+ exf6 6. c3 Be6 7. Bd3 Bd6 8.
Ne2 Qc7 9. Qc2 Nd7 10. c4 c5 11. h3 cxd4 12. Nxd4 Bb4+ 13. Kf1 a6 14. Nxe6 fxe6
15. Be3 Ne5 16. Bf4 Rd8 17. Rd1 Kf7 18. Qe2 Bd6 19. Bxe5 Bxe5 20. h4 Rd4 21. b3
Qc5 22. Rh3 Ke7 23. Be4 Rhd8 24. Rhd3 b6 25. g3 Rxd3 26. Rxd3 Rxd3 27. Qxd3 f5
28. Bb7 a5 29. Kg2 Qd4 30. Qxd4 Bxd4 31. f4 e5 32. fxe5 Ke6 33. Kf3 Kxe5 34. h5
h6 35. Bc6 Kd6 36. Be8 Ke5 37. Bd7 Bc5 38. Bc6 Ba3 39. Bd7 Bc1 40. Bc8 Kf6 41.
Bd7 g6 42. hxg6 Kxg6 43. Be8+ Kf6 44. Bh5 Ke5 45. Bg6 Bg5 46. Be8 f4 47. gxf4+
Bxf4 48. Kg4 Bc1 49. Kh5 Kd4 50. Bf7 Kc5 51. Be8 Kb4 1/2-1/2

[Event "C.to Italiano Semifinale"]
[Site "Saint Vincent - Chatillon ITA"]
[Date "2008.07.26"]
[Round "8"]
[White "Puzzoni, Christian"]
[Black "Ricci, Alfredo"]
[Result "1-0"]
[WhiteElo "2128"]
[BlackElo "2069"]
[PlyCount "61"]
[EventDate "2008.07.19"]

1. e4 c5 2. Nf3 e6 3. b4 b6 4. bxc5 bxc5 5. c4 Qc7 6. Nc3 a6 7. g3 Nc6 8. Bg2
Rb8 9. O-O Nf6 10. d4 cxd4 11. Nxd4 Ne5 12. Bf4 d6 13. Qa4+ Nfd7 14. Rab1 Rxb1
15. Rxb1 Qxc4 16. Rb8 Qxc3 17. Bxe5 Qc7 18. Ra8 dxe5 19. Qxa6 Nb6 20. Qb5+ Ke7
21. Nc6+ Kf6 22. Ra7 Bb7 23. Rxb7 Qxb7 24. Qxe5+ Kg6 25. Nd4 Nc4 26. Qf4 h5 27.
h4 e5 28. Qf5+ Kh6 29. Bf3 g6 30. Qf6 Bg7 31. Nf5+ 1-0

[Event "C.to Italiano Semifinale"]
[Site "Saint Vincent - Chatillon ITA"]
[Date "2008.07.26"]
[Round "8"]
[White "Sarno, Spartaco"]
[Black "Bruno, Fabio"]
[Result "1/2-1/2"]
[WhiteElo "2329"]
[BlackElo "2453"]
[PlyCount "67"]
[EventDate "2008.07.19"]

1. d4 d5 2. Nf3 c6 3. c4 e6 4. Nc3 Nf6 5. cxd5 exd5 6. Bg5 Be7 7. Qc2 g6 8. e4
dxe4 9. Bxf6 Bxf6 10. Qxe4+ Be7 11. Bc4 O-O 12. O-O Bf5 13. Qf4 Qd6 14. Qh6 Nd7
15. Rfe1 Bf6 16. Ne4 Bxe4 17. Rxe4 Bg7 18. Qd2 Rad8 19. Rae1 b5 20. Bb3 c5 21.
a4 c4 22. Ba2 a6 23. b3 Nc5 24. dxc5 Qxd2 25. Nxd2 Rxd2 26. R4e2 Bc3 27. bxc4
bxc4 28. Kf1 Rb8 29. g3 Kg7 30. Bxc4 Rd4 31. Re4 Rb4 32. Rxd4 Bxd4 33. Bxa6
Rxa4 34. Bb5 1/2-1/2

[Event "C.to Italiano Semifinale"]
[Site "Saint Vincent - Chatillon ITA"]
[Date "2008.07.26"]
[Round "8"]
[White "Sbarra, Marco"]
[Black "Roversi, Stefano"]
[Result "1-0"]
[WhiteElo "2236"]
[BlackElo "1840"]
[PlyCount "115"]
[EventDate "2008.07.19"]

1. e4 c5 2. Nf3 Nc6 3. Bb5 e6 4. Bxc6 bxc6 5. O-O Nf6 6. d3 Be7 7. Nc3 d5 8.
Re1 O-O 9. Qe2 d4 10. Na4 Qc7 11. b3 Ba6 12. Bg5 Ne8 13. Bxe7 Qxe7 14. Qd2 Bb5
15. Nb2 Qc7 16. Ng5 h6 17. Nh3 Nf6 18. Nd1 Ng4 19. g3 Ne5 20. Kg2 a5 21. a4 Ba6
22. f4 Nd7 23. Ndf2 Qb6 24. Ng1 Nf6 25. Nf3 Bc8 26. Ne5 Nd7 27. Nxd7 Bxd7 28.
e5 Qb4 29. Re2 f5 30. exf6 gxf6 31. Ne4 e5 32. fxe5 Qxd2 33. Rxd2 fxe5 34. Rf1
Bh3+ 35. Kxh3 Rxf1 36. Nxc5 Raf8 37. Kg2 R1f7 38. Re2 Re7 39. Ne4 Re6 40. Nd2
Rfe8 41. Re4 Rf6 42. Re2 Rfe6 43. Nc4 c5 44. Re4 Rf8 45. Nxa5 Ref6 46. Re2 Rf3
47. Nb7 Re3 48. Rf2 e4 49. Nxc5 Rxf2+ 50. Kxf2 Rf3+ 51. Ke2 Re3+ 52. Kd2 exd3
53. Nxd3 Rf3 54. a5 Kf8 55. a6 Rf6 56. Nc5 Rc6 57. a7 Rc8 58. Nd7+ 1-0

[Event "C.to Italiano Semifinale"]
[Site "Saint Vincent - Chatillon ITA"]
[Date "2008.07.26"]
[Round "8"]
[White "Sibilio, Mario"]
[Black "Astengo, Marcello"]
[Result "1-0"]
[WhiteElo "2361"]
[BlackElo "2075"]
[PlyCount "69"]
[EventDate "2008.07.19"]

1. d4 d5 2. Nf3 c5 3. g3 Nc6 4. Bg2 Nf6 5. O-O e6 6. c4 dxc4 7. Qa4 Bd7 8. dxc5
Na5 9. Qa3 Ne4 10. b4 Nc6 11. Nc3 Nf6 12. b5 Na5 13. Bg5 a6 14. Bxf6 gxf6 15.
Rad1 axb5 16. Nxb5 Qc8 17. Qb2 Be7 18. Nd6+ Bxd6 19. Qxf6 Qxc5 20. Qxh8+ Bf8
21. Qxh7 Ba4 22. Rd4 Nc6 23. Rf4 Nd8 24. Nd2 Bb5 25. Ne4 Qe5 26. Nf6+ Ke7 27.
Qh4 Kd6 28. Rd1+ Kc7 29. a4 Bxa4 30. Rxc4+ Bc6 31. Nd7 Qxe2 32. Qf4+ e5 33.
Qxe5+ Qxe5 34. Nxe5 Ra2 35. Rdc1 1-0

[Event "C.to Italiano Semifinale"]
[Site "Saint Vincent - Chatillon ITA"]
[Date "2008.07.26"]
[Round "8"]
[White "Ubezio, Marco"]
[Black "Tocco, Paolo"]
[Result "1-0"]
[WhiteElo "2181"]
[BlackElo "2174"]
[PlyCount "109"]
[EventDate "2008.07.19"]

1. d4 f5 2. Nc3 Nf6 3. Bg5 e6 4. e4 fxe4 5. Nxe4 Be7 6. Bxf6 Bxf6 7. Nf3 b6 8.
Bd3 Bb7 9. Qe2 Qe7 10. O-O-O Nc6 11. c3 O-O-O 12. Rhe1 g6 13. Ba6 Rhf8 14. Nc5
bxc5 15. Qb5 Bxa6 16. Qxa6+ Kb8 17. d5 Ne5 18. Nxe5 Bxe5 19. Rxe5 Qf6 20. Qb5+
Ka8 21. Qe2 exd5 22. Rexd5 Rde8 23. Qg4 d6 24. Qd7 Qf4+ 25. R5d2 Qf7 26. Qc6+
Kb8 27. a4 Qb3 28. a5 Qb7 29. Qa4 a6 30. b4 cxb4 31. Rb2 Re4 32. f3 Rc4 33. Rd4
Rxd4 34. cxd4 c5 35. dxc5 dxc5 36. Rd2 Qb5 37. Qxb5+ axb5 38. Rd6 Kc7 39. Rb6
Rb8 40. Rf6 Rb7 41. a6 Rb6 42. a7 Rxf6 43. a8=Q Rb6 44. Qa7+ Kc6 45. Qxh7 Kd5
46. Qd7+ Kc4 47. Kd2 b3 48. Qd3+ Kb4 49. Qc3+ Ka4 50. Qxc5 Rb7 51. Kc3 b4+ 52.
Kb2 g5 53. Qc6+ Rb5 54. f4 gxf4 55. h4 1-0

[Event "C.to Italiano Semifinale"]
[Site "Saint Vincent - Chatillon ITA"]
[Date "2008.07.26"]
[Round "8"]
[White "Valsecchi, Alessio"]
[Black "Rettore, Ludwig"]
[Result "1-0"]
[WhiteElo "2298"]
[BlackElo "2230"]
[PlyCount "119"]
[EventDate "2008.07.19"]

1. e4 c5 2. Nf3 e6 3. Nc3 d5 4. exd5 exd5 5. Bb5+ Nc6 6. O-O a6 7. Re1+ Be7 8.
Bxc6+ bxc6 9. Ne5 Be6 10. Nxc6 Qc7 11. Nxe7 Nxe7 12. d4 O-O 13. dxc5 Qxc5 14.
Ne2 Nf5 15. Nf4 Rfe8 16. Nd3 Qb6 17. a4 d4 18. a5 Qc6 19. Bd2 Nh4 20. f3 Bd5
21. Rf1 Bxf3 22. Rxf3 Nxf3+ 23. Qxf3 Qxc2 24. Bf4 Qe2 25. Qxe2 Rxe2 26. Rc1 f6
27. h4 Rae8 28. Rc6 R8e6 29. Rc7 Re7 30. Rxe7 Rxe7 31. Kf2 Re6 32. b4 Kf7 33.
Nc5 Rc6 34. Kf3 d3 35. h5 g5 36. hxg6+ hxg6 37. Ke3 g5 38. Bh2 Kg6 39. Kxd3 f5
40. Be5 Kh5 41. Kd4 Kg4 42. Kd5 Rg6 43. Bd6 f4 44. Ne4 Kf5 45. Be7 Rg7 46. Nd6+
Kg4 47. Bf6 Rc7 48. Ne4 Rc2 49. Bxg5 Rxg2 50. Be7 f3 51. Bc5 Kf5 52. Bd4 Rc2
53. Nc5 f2 54. Bxf2 Rxf2 55. Nxa6 Rb2 56. Kc6 Rb1 57. b5 Ra1 58. b6 Rxa5 59.
Nc7 Ra1 60. b7 1-0

[Event "C.to Italiano Semifinale"]
[Site "Saint Vincent - Chatillon ITA"]
[Date "2008.07.26"]
[Round "8"]
[White "Vezzosi, Paolo"]
[Black "Gallucci, Alessio"]
[Result "1-0"]
[WhiteElo "2352"]
[BlackElo "2152"]
[PlyCount "99"]
[EventDate "2008.07.19"]

1. e4 c5 2. Nf3 d6 3. d4 cxd4 4. Nxd4 Nf6 5. Nc3 g6 6. Be2 Bg7 7. O-O O-O 8.
Bg5 Nc6 9. Nb3 Be6 10. f4 Rc8 11. Kh1 Nb4 12. f5 Bc4 13. Bxc4 Rxc4 14. a3 Nc6
15. Nd2 Rc5 16. Be3 Re5 17. Nc4 Nxe4 18. Nxe5 Nxc3 19. bxc3 Nxe5 20. Qd5 Qc7
21. Bd4 gxf5 22. Qb3 e6 23. Bxa7 Nc4 24. Rfd1 Na5 25. Qb6 Qxc3 26. Qxd6 Nc6 27.
Bb6 Be5 28. Qd7 f4 29. Rab1 Qxc2 30. Rbc1 Qb2 31. Qxb7 f3 32. Rg1 Na5 33. Qe4
f5 34. Qb4 f2 35. Rgf1 Nb7 36. Bxf2 Nd6 37. Bc5 Ne4 38. Qxb2 Bxb2 39. Bxf8 Kxf8
40. Rc8+ Kf7 41. a4 Bd4 42. a5 Nd6 43. Rc7+ Kf6 44. Rb1 Ne4 45. g3 e5 46. Rb6+
Kg5 47. Rg7+ Kh5 48. Rxh7+ Kg4 49. Kg2 f4 50. Rg7+ 1-0

[Event "C.to Italiano Semifinale"]
[Site "Saint Vincent - Chatillon ITA"]
[Date "2008.07.27"]
[Round "9"]
[White "Astengo, Marcello"]
[Black "Cocchi, Andrea"]
[Result "0-1"]
[WhiteElo "2075"]
[BlackElo "2323"]
[PlyCount "96"]
[EventDate "2008.07.19"]

1. d4 g6 2. c4 Bg7 3. e4 d6 4. Nc3 Nd7 5. Be3 e5 6. Nf3 exd4 7. Nxd4 Ngf6 8.
Be2 O-O 9. O-O Re8 10. f3 c6 11. Qd2 Qc7 12. Rad1 a6 13. Kh1 b6 14. Bh6 Bxh6
15. Qxh6 b5 16. Qf4 b4 17. Na4 Bb7 18. Nb3 Re5 19. c5 d5 20. Nd2 Rae8 21. b3
Qa5 22. Rc1 Kg7 23. Rfd1 Qd8 24. Bf1 Qe7 25. Qg3 Rc8 26. Qf2 dxe4 27. Nc4 e3
28. Qe2 Re6 29. Nd6 Rb8 30. Re1 a5 31. Qc4 Nd5 32. Be2 Qf6 33. Rcd1 Ne5 34. Qc2
Re7 35. Nb2 Bc8 36. Nbc4 Nxc4 37. Bxc4 Nc3 38. Rd3 Bf5 39. Nxf5+ Qxf5 40. Qb2
Qxc5 41. a3 Rbe8 42. axb4 axb4 43. h3 Qg5 44. Qc1 Qf4 45. Kg1 Re5 46. Qa1 e2
47. Qa7 R8e7 48. Qb6 c5 0-1

[Event "C.to Italiano Semifinale"]
[Site "Saint Vincent - Chatillon ITA"]
[Date "2008.07.27"]
[Round "9"]
[White "Barletta, Mauro"]
[Black "Gioseffi, Massimiliano"]
[Result "1-0"]
[WhiteElo "2205"]
[BlackElo "2049"]
[PlyCount "51"]
[EventDate "2008.07.19"]

1. e4 c5 2. Nf3 d6 3. Bc4 e6 4. Bb3 Nc6 5. c3 Nf6 6. d3 Be7 7. O-O O-O 8. Re1
Rb8 9. Nbd2 b5 10. Nf1 b4 11. Ng3 bxc3 12. bxc3 Qa5 13. Bd2 Ba6 14. d4 Qc7 15.
d5 exd5 16. exd5 Na5 17. Nf5 Bd8 18. Bf4 Rb6 19. N3h4 c4 20. Bc2 Bb7 21. Nxg7
Rb5 22. Nh5 Rxd5 23. Nxf6+ Bxf6 24. Qg4+ Kh8 25. Bh6 Rg8 26. Qxg8+ 1-0

[Event "C.to Italiano Semifinale"]
[Site "Saint Vincent - Chatillon ITA"]
[Date "2008.07.27"]
[Round "9"]
[White "Bonafede, Alessandro"]
[Black "Gallucci, Alessio"]
[Result "1-0"]
[WhiteElo "2329"]
[BlackElo "2152"]
[PlyCount "149"]
[EventDate "2008.07.19"]

1. e4 c5 2. Nf3 d6 3. d4 cxd4 4. Nxd4 Nf6 5. Nc3 g6 6. Be3 Bg7 7. f3 Nc6 8. Qd2
O-O 9. Bc4 Bd7 10. O-O-O Rc8 11. Bb3 Ne5 12. Kb1 Nc4 13. Bxc4 Rxc4 14. g4 b5
15. b3 Rc5 16. Ne6 fxe6 17. Bxc5 dxc5 18. e5 Qc7 19. exf6 Bxf6 20. Ne4 Bc6 21.
Nxf6+ exf6 22. Rhf1 Bd5 23. f4 f5 24. gxf5 Rxf5 25. Rde1 c4 26. Re5 Qxe5 27.
fxe5 Rxf1+ 28. Kb2 Rf7 29. Qa5 Rb7 30. Qd8+ Kg7 31. a3 cxb3 32. cxb3 Rf7 33.
Kc3 Rf3+ 34. Kd4 a6 35. b4 Rf8 36. Qa5 Re8 37. Qc7+ Kh6 38. Kc5 Rf8 39. Kd6 Rf3
40. Qc8 Rd3 41. Ke7 Bc4 42. Qxa6 Rh3 43. Qa7 Kg5 44. a4 bxa4 45. Qxa4 Rxh2 46.
b5 Bd5 47. Qb4 Ra2 48. Kd6 Ra8 49. Qd2+ Kg4 50. Qe2+ Kg3 51. Qe3+ Kg4 52. Qg1+
Kf5 53. Qf2+ Ke4 54. Kc7 Ra3 55. Qe2+ Kf5 56. Qc2+ Be4 57. Qf2+ Rf3 58. Qb2 Bd5
59. b6 Ke4 60. Qc2+ Kxe5 61. Qh2+ Kd4 62. Qxh7 Rc3+ 63. Kd7 Rb3 64. Qxg6 Kc5
65. Kc7 Rc3 66. Qg7 Kb4+ 67. Kd8 Rc6 68. Qb2+ Kc5 69. b7 Rd6+ 70. Ke7 Bxb7 71.
Qa3+ Kc4 72. Kxd6 Bd5 73. Qe3 Kb4 74. Qc5+ Kb3 75. Ke5 1-0

[Event "C.to Italiano Semifinale"]
[Site "Saint Vincent - Chatillon ITA"]
[Date "2008.07.27"]
[Round "9"]
[White "Bruno, Fabio"]
[Black "Sibilio, Mario"]
[Result "1-0"]
[WhiteElo "2453"]
[BlackElo "2361"]
[PlyCount "81"]
[EventDate "2008.07.19"]

1. Nf3 g6 2. c4 Bg7 3. Nc3 Nf6 4. g3 O-O 5. Bg2 c6 6. O-O d5 7. d4 dxc4 8. e3
Bg4 9. Qe2 Nbd7 10. Qxc4 Bxf3 11. Bxf3 e5 12. Rd1 exd4 13. exd4 Re8 14. Qb3 Qb6
15. Qc2 Rac8 16. Na4 Qa5 17. Bd2 Qd8 18. Qb3 Ne4 19. Be3 b6 20. Nc3 Ndf6 21.
Rac1 Qd7 22. Nxe4 Nxe4 23. Rc2 Qf5 24. Bg2 c5 25. Bxe4 Rxe4 26. dxc5 bxc5 27.
Rd5 Re5 28. Rxe5 Qxe5 29. Qc4 h5 30. b4 Rd8 31. bxc5 Qf5 32. Rc1 Qf3 33. c6 Be5
34. c7 Rc8 35. Qc6 Qg4 36. Qd5 Qf5 37. Bxa7 h4 38. Qd8+ Kg7 39. Bd4 hxg3 40.
hxg3 Bxd4 41. Qxd4+ 1-0

[Event "C.to Italiano Semifinale"]
[Site "Saint Vincent - Chatillon ITA"]
[Date "2008.07.27"]
[Round "9"]
[White "Contin, Daniel"]
[Black "Borgo, Giulio"]
[Result "1-0"]
[WhiteElo "2304"]
[BlackElo "2442"]
[PlyCount "71"]
[EventDate "2008.07.19"]

1. c4 b6 2. Nc3 Bb7 3. d4 e6 4. a3 f5 5. d5 Be7 6. g3 Bf6 7. Bd2 Ne7 8. Bg2 Nc8
9. Nh3 Nd6 10. b3 a5 11. Rc1 O-O 12. O-O Na6 13. Nf4 e5 14. Nd3 Qe8 15. e4 a4
16. exf5 axb3 17. Ne4 Nxf5 18. c5 Nxc5 19. Ndxc5 bxc5 20. Nxc5 b2 21. Rb1 Bc8
22. Bb4 d6 23. Ne4 Bd8 24. Rxb2 Nd4 25. Re1 g5 26. h3 Qg6 27. g4 Qf7 28. Re3
Kh8 29. Bc3 Qg7 30. Rd3 Rxa3 31. Rxd4 Rxc3 32. Ra4 Rc5 33. Nxc5 dxc5 34. Ra8
Bd7 35. Rbb8 Qf6 36. Qf3 1-0

[Event "C.to Italiano Semifinale"]
[Site "Saint Vincent - Chatillon ITA"]
[Date "2008.07.27"]
[Round "9"]
[White "De Florio, Federico"]
[Black "Ubezio, Marco"]
[Result "1-0"]
[WhiteElo "2106"]
[BlackElo "2181"]
[PlyCount "157"]
[EventDate "2008.07.19"]

1. Nf3 Nc6 2. d4 d5 3. Bf4 Bg4 4. Nbd2 e6 5. c3 Bd6 6. e3 Nge7 7. Qb3 Rb8 8.
Bd3 Bxf4 9. exf4 Bf5 10. Bxf5 Nxf5 11. Qc2 O-O 12. Ng5 Qd6 13. g3 f6 14. Ngf3
b5 15. O-O Rbe8 16. Rfe1 Nh6 17. Rad1 Nf7 18. Nf1 Qd7 19. Ne3 Nd6 20. Nd2 Na5
21. Nb3 Nxb3 22. axb3 a5 23. Ra1 Ra8 24. Ra2 Ra7 25. Rea1 Rfa8 26. Qd3 c6 27.
Ng2 Qe7 28. Re1 Qd7 29. Qe2 Re8 30. Qg4 Ne4 31. Nh4 Nd6 32. Raa1 Qc8 33. Re3 g6
34. Rae1 Kf7 35. Qh3 Rae7 36. Nf3 Kg7 37. g4 Nf7 38. g5 f5 39. Ne5 Nxe5 40.
Qh6+ Kg8 41. Rxe5 Rd8 42. Qh3 Rd6 43. Qe3 Kf7 44. h4 Re8 45. h5 Rh8 46. h6 Re8
47. Ra1 Qc7 48. c4 Rdd8 49. cxb5 cxb5 50. Rc1 Qb6 51. Qd2 Rc8 52. Ree1 b4 53.
Qe3 Qd6 54. Rc5 Rxc5 55. dxc5 d4 56. cxd6 dxe3 57. fxe3 Rd8 58. Rc1 Ke8 59. Rc6
Rd7 60. Kf2 Ra7 61. e4 fxe4 62. Ke3 Kd7 63. Rb6 Kc8 64. Kxe4 Rf7 65. Ke5 Kd7
66. Rb7+ Ke8 67. Rxf7 Kxf7 68. d7 Ke7 69. d8=Q+ Kxd8 70. Kxe6 Ke8 71. Kf6 Kf8
72. f5 gxf5 73. g6 Kg8 74. Kxf5 hxg6+ 75. Kxg6 Kh8 76. h7 a4 77. bxa4 b3 78.
Kf7 Kxh7 79. a5 1-0

[Event "C.to Italiano Semifinale"]
[Site "Saint Vincent - Chatillon ITA"]
[Date "2008.07.27"]
[Round "9"]
[White "Foglia, Maurizio"]
[Black "Paglietti, Nicola"]
[Result "0-1"]
[WhiteElo "2135"]
[BlackElo "2273"]
[PlyCount "94"]
[EventDate "2008.07.19"]

1. d4 Nf6 2. Bf4 g6 3. e3 Bg7 4. Nf3 O-O 5. Be2 d5 6. O-O c5 7. c3 Nc6 8. Ne5
Nd7 9. Nxd7 Bxd7 10. dxc5 e5 11. Bg3 Be6 12. Na3 a6 13. Nc2 Qe7 14. b4 Rad8 15.
Rc1 f5 16. f4 d4 17. fxe5 dxe3 18. Nd4 Nxe5 19. Bf4 Nc4 20. Bg5 Bf6 21. Bxf6
Rxf6 22. c6 Nd2 23. cxb7 Bd5 24. b8=Q Rxb8 25. Bf3 Bxf3 26. Rxf3 Nxf3+ 27. Qxf3
Re8 28. a4 Rd6 29. b5 axb5 30. axb5 Qe4 31. Qxe4 Rxe4 32. Kf1 f4 33. Ke2 g5 34.
Rb1 Re8 35. h3 Ra8 36. Rb2 h6 37. Kd3 Kf7 38. Kc4 Rc8+ 39. Kd3 Kf6 40. Ke2 Rxc3
41. b6 Rxd4 42. b7 Rd8 43. b8=Q Rxb8 44. Rxb8 Rc2+ 45. Kf3 Rf2+ 46. Ke4 e2 47.
Rb6+ Ke7 0-1